Music Trivia: 1976 songs and artists - Statistics

General Stats
  • This quiz has been taken 216 times
  • The average score is 8 of 15
Answer Stats
hint: song from 1976 answer: artist or group who performed the song % Correct
Fernando ABBA
95%
December, 1963 (Oh, What a Night) The Four Seasons
73%
Blitzkrieg Bop The Ramones
66%
Let 'Em In Paul McCartney & Wings
62%
Beth Kiss
60%
Sweet Emotion Aerosmith
59%
Squeeze Box The Who
58%
Strange Magic Electric Light Orchestra
51%
Afternoon Delight Starland Vocal Band
47%
All By Myself Eric Carmen
45%
Let Your Love Flow The Bellamy Brothers
45%
Love Rollercoaster Ohio Players
35%
Lonely Boy Andrew Gold
34%
Welcome Back John Sebastian
31%
Sing a Song Earth, Wind & Fire
18%
No matching quizzes found
Score Distribution
Percent of People with Each Score
Percentile by Number Answered
Your Score History
You have not taken this quiz